000 00374nam a22001697a 4500
005 20160627115153.0
008 160627b xxu||||| |||| 00| 0 eng d
020 _a0-7456-2311-5
041 _aeng
082 _b10288
100 _aGiddens. Anthony
_92926
245 _aSociology
260 _bPolity
_c2002
300 _a702
650 _aAgriculture
_92837
942 _cBK
999 _c4230
_d4229